Etiqueta de registo: 00379nas 2200205 450
001 2136659
003 http://id.bnportugal.gov.pt/bib/catbnp/2136659
011 ## $a2975-9358
021 ## $aPT$b518399/23
100 ## $a20230704a20229999m y0pory01030103ba
101 0# $apor
102 ## $aPT
106 ## $ar
110 ## $aajazz 0uu0
200 1# $aAutónoma$fpropr. Cooperativa de Ensino Universitário$gdir. e coord. Jaime Lourenço
207 #0 $aNº 1 (dez. 2022)-
210 #9 $aLisboa$cUALMedia,$d[2022]-
215 ## $d30 cm
303 ## $aDescrição baseada em: nº 4 (dez. 2025)
326 ## $aSemestral
530 1# $aAutónoma$b(Lisboa)
620 ## $dLisboa
675 ## $a378(469.411)(05)$vBN$zpor$3372916
702 #1 $92$aLourenço,$bJaime$4300$31842353
712 02 $aCooperativa de Ensino Universitário$4650$31996345
801 #0 $aPT$bBN$gRPC
802 ## $a18
856 41 $uhttp://rnod.bnportugal.gov.pt/ImagesBN/winlibimg.aspx?skey=&doc=2136659&img=221436&save=true
900 ## $aBIBNAC$d20260515
966 ## $lBN$mFGREV$sP.P. 34328 V.$x1
971 ## $cssilva$d20260420
972 ## $e0$z0$d20260515$vlrevez
973 ## $cmlsousa$d20260422